Sektorová teória v Arktíde

Sektorová teória (alebo teória sférických trojuholníkov) je koncept, ktorý priznáva pobrežným arktickým štátov suverenitu nad územím vymedzeným ich severnou hranicou ako základňou trojuholníka, Severným pólom tvoriacim jeho vrchol a najvýchodnejším a najzápadnejším bodmi, ktoré tvoria ramená. Jej zá...

ver descrição completa

Na minha lista:
Detalhes bibliográficos
Autor principal: Harakaľová, Dorota, 1989-
Formato: Capítulo de Livro
Idioma:eslovaco
Assuntos:
Tags: Adicionar Tag
Sem tags, seja o primeiro a adicionar uma tag!

MARC

LEADER 00000naa$a2200000$$$4500
001 0261602
005 20240502074150.3
041 0 |a slo 
044 |a SK 
245 1 0 |a Sektorová teória v Arktíde  |c Dorota Harakaľová 
520 |a Sektorová teória (alebo teória sférických trojuholníkov) je koncept, ktorý priznáva pobrežným arktickým štátov suverenitu nad územím vymedzeným ich severnou hranicou ako základňou trojuholníka, Severným pólom tvoriacim jeho vrchol a najvýchodnejším a najzápadnejším bodmi, ktoré tvoria ramená. Jej základom je geografická blízkosť, ktorá v medzinárodnom práve nemá odôvodnený základ. Analýza sektorovej teórie ako koncept, ktorý nemá oporu v medzinárodnom práve a ktorého existencia bola od počiatku spochybňovaná. Uvedenie argumentov, ktoré by však mohli poslúžiť na jej podporu. 
610 2 0 |a Arktída 
610 2 0 |a suverenita 
610 2 0 |a suverenita štátna 
610 2 0 |a právo medzinárodné 
610 2 0 |a geografia 
610 2 0 |a dohody medzinárodné 
100 1 |a Harakaľová, Dorota, 1989-